| 000 | 00626nam a2200205 u 4500 | ||
|---|---|---|---|
| 001 | 000605244 | ||
| 003 | AM-YeHGA | ||
| 005 | 20250617135435.0 | ||
| 008 | 081017s1862 ||| r 000 0 rus d | ||
| 040 | _aAM-YeHGA | ||
| 041 | 0 | _arus | |
| 100 | 1 | _aТимофеева, К.А | |
| 245 | 1 | 0 |
_aГамлет : _bПринц датскiй / _cК.А. Тимофеева. |
| 260 |
_aСанкт-Петербург : _bБ. и., _c1862-. |
||
| 300 | _aч. | ||
| 440 | 0 | _aКритико-эстетическiе очерки | |
| 505 | 1 | 0 | _gЧ. 1 (1862, 36 с.) |
| 653 | 0 | _aЛитературная критика | |
| 090 | _c201980 | ||
| 999 |
_c200495 _d200495 |
||